=LDR 00000nam 2200000 4500 =001 NUTBA000000000001965 =005 20140526153459.0 =006 =007 =008 =020 ##$$a 978-979-29-1797-0 =035 ##$$a 0010-051400000000430 =040 ##$$a NBPDMAT =082 ##$$a 636.7 =090 ##$$a 636.7 $b Chr p =100 ##$$a Saragih, Christian Bernard =245 ##$$a Pakan tepat ! Anjing Sehat ! : $b Panduan lengkap pemberian nutrisi anjing kesayangan / $c Christian Bernard Saragih =260 ##$$a Yogyakarta : $b Andi, $c 2011 =300 ##$$a vi, 94 hlm. : $b ilus. ; $c 23 cm. =500 ##$$a Bibliografi : hlm. 94 =650 ##$$a Anjing - Makanan =850 ##$$a NBPDMAT =990 ##$$a 21400482